| 000 | 00571nmm a2200181Ia 4500 | ||
|---|---|---|---|
| 008 | 251105s9999||||xx |||||||||||||||||und|| | ||
| 020 | _a9789875910195 | ||
| 041 | _aspa | ||
| 100 | _aUrbano, Claudio A. | ||
| 245 | 0 | _aTécnicas para investigar y formular proyectos de investigación vol. 1 | |
| 264 |
_a[Buenos Aires, Argentina] : _bEditorial Brujas, _c2006 |
||
| 300 | _a124 páginas | ||
| 650 | _aSocial Sciences (General) | ||
| 700 | _aUrbano, Claudio A. | ||
| 700 | 1 | _a Yuni, José A. | |
| 856 | _uhttps://public.digitaliapublishing.com/a/35444 | ||
| 942 | _cCF | ||
| 999 |
_c72151 _d72151 |
||